01560nam a2200325Ia 450000500170000000800410001702000180005804000180007604100080009408200220010210000280012424500830015225000120023526000500024730000320029765000270032965000550035665000440041165000270045565000350048265000340051765000460055170000290059770000310062694200310065799900190068895201790070795201690088695201790105520220719153858.0210716s2001 xx 000 0 und d a9788173190698 cAIMIT LIBRARY aeng a006.321 21bDRID aDriankov,Dimiter951384 aIntroduction to fuzzy control /cBy D Driankov , H Hellendoorn and M Reinfrank a1st ed. aNew Delhi :bNarosa Publishing House ,c2001. axv, 316p. ;bPB :c21.5 cm. aNeural Networks951385 aKnowledge Based systems for process Control951386 aThe Mathematics of Fuzzy Control951387 aFKBC Parameters951388 aNonlinear Fuzzy Control951389 aAdaptive Fuzzy Control951390 aStability of Fuzzy Control Systems951391 aHellendoorm, Hans951392 aReinfrank, Michael.951393 2ddccBKe1stk006.321 DRID c192217d192217 00102ddc40708MCAaAIMITbAIMITeNarosa Book Distributorsg295.00iBill no:61962; Bill dt:2012-02-0l0o006.321 DRIDpMCA11725r2026-05-23 00:00:00v221.25w2021-07-16yBK 00102ddc40708MCAaAIMITbAIMITeKnowledge Worldg350.00iBill no:173; Bill dt:2014-07-12l0o006.321 DRIDpMCA13507r2026-05-23 00:00:00v262.50w2021-07-16yBK 00102ddc40708MCAaAIMITbAIMITeNarosa Book Distributorsg350.00iBill no:67452; Bill dt:2015-05-2l0o006.321 DRIDpMCA14266r2026-05-23 00:00:00v262.50w2021-07-16yBK